000 00351nam a2200145Ia 4500
008 230917s9999||||xx |||||||||||||| ||und||
040 _e53965
_aMAIN
041 _aEnglish
082 _a327.54073 D451I
100 _aDesai, Jatin
245 0 _aIndia & US on terrorism
260 _aNew Delhi
_bCommonwealth
_c2000
300 _a300 p.
942 _cBK
999 _c107057
_d107057